Statistics for 日本の超高層建築物 高さランキング

Click here to take the quiz!

General Stats

  • This quiz has been taken 41 times
  • The average score is 6 of 50

Answer Stats

#高さ(m)竣工年Answer% Correct
13002014あべのハルカス
100%
2296.331993横浜ランドマークタワー
68%
9243.31991東京都庁第一本庁舎
54%
13238.052003六本木ヒルズ森タワー
32%
11239.71978サンシャイン60
32%
42561995大阪府咲洲庁舎
30%
5255.52014虎ノ門ヒルズ森タワー
30%
12238.22022八重洲セントラルタワー
22%
28212.771994浜松アクトタワー
19%
17229.7062019渋谷スクランブルスクエア東棟
16%
72472006ミッドランドスクエア
16%
452002012JPタワー
16%
3256.11996SiSりんくうタワー
16%
6248.12007ミッドタウン・タワー
14%
192252023東急歌舞伎町タワー
14%
20223.61974新宿三井ビルディング
14%
39203.652008モード学園コクーンタワー
14%
10239.852000NTTドコモ代々木ビル
14%
31209.91978新宿野村ビル
11%
30211.3811974新宿住友ビルディング
11%
142351994新宿パークタワー
8%
15234.3711996東京オペラシティビル
8%
27213.3372002電通本社ビル
8%
242202017JRゲートタワー
8%
292122021常盤橋タワー
5%
22221.552022虎ノ門ヒルズ レジデンシャルタワー
5%
8245.11999JRセントラルタワーズ オフィス棟
5%
182261999JRセントラルタワーズ ホテル棟
5%
32209.352009The Kitahama
5%
372052007グラントウキョウサウスタワー
3%
38204.92007グラントウキョウノースタワー
3%
40203.52009パークシティ武蔵小杉ミッドスカイタワー
3%
21222.951979新宿センタービル
3%
2002013読売新聞ビル
3%
23220.631994聖路加セントルークスタワー
3%
16230.762016住友不動産六本木グランドタワー
3%
36205.082017赤坂インターシティAIR
3%
2001976損保ジャパン本社ビル
0%
2001972東京電力本社ビル
0%
43200.3752006クロスタワー大阪ベイ
0%
43200.051993大阪ベイタワー メインタワー
0%
262152023住友不動産東京三田ガーデンタワー
0%
42200.92002泉ガーデンタワー
0%
35206.692012アークヒルズ仙石山森タワー
0%
34208.832020東京ポートシティ竹芝オフィスタワー
0%
25215.752003汐留シティセンター
0%
33208.972017ザ・パークハウス西新宿タワー60
0%
412032010G1TOWER
0%
2002020Otemachi Oneタワー
0%
50199.952020YOKOHAMA KITANAKA KNOT
0%

Score Distribution

Percentile by Number Answered

Percent of People with Each Score

Your Score History

You have not taken this quiz